Geben Sie das Alphabet in 15 Sekunden - Deutsche Version - Statistiken

Allgemein
  • Dieses Quiz wurde 1.017 mal gespielt
  • Das Durchschnittsergebnis liegt bei 25 aus 30
Antwortstatistiken
Buchstabe % Korrekt
a
100%
b
98%
c
98%
d
98%
e
97%
f
97%
g
97%
h
97%
i
96%
j
96%
k
95%
l
94%
m
94%
n
92%
o
91%
p
91%
q
90%
r
88%
s
88%
t
86%
u
86%
v
83%
w
82%
x
78%
y
76%
z
73%
ä
50%
ö
42%
ü
35%
ß
18%
Keine übereinstimmenden Quizze gefunden
Verteilung der Resultate
Anzahl Personen mit jedem Resultat
Perzentil nach korrekt beantworteten Fragen
Ihre Resultats-Entwicklung
Sie haben dieses Quiz noch nicht gespielt